00165nam a22000617a 4500082001600000245005400016260003300070 a623.1 EXP'E aEXPERIMENTAL OFFICER HANDBOOK NOTES ON AMMUNITION aRAWALPINDIbFEROZESONSc1961